000 02073cam a2200313 4500
001 ##L135345
002 ##9412
008 061017n2004 000 0 eng u
020 _a1903287340
035 _a(Sirsi) u135345
041 0 _aeng
050 0 4 _a333.72 $2 18
110 2 _aChartered Institution of Building Services Engineers
_92360
245 0 0 _aEnergy efficiency in buildings
_bCIBSE guide F
250 _a2nd ed.
260 _aLondon
_bCIBSE
_c2004
300 _a1v.
_c30cm.
350 _a100.80
490 0 _aCIBSE Guide
_vF
505 2 _aThe design process -- Developing a design strategy -- Sketch design -- Renewables, fuels, CHP and metering -- Control strategies -- Ventilation and air conditioning design -- Refrigeration design -- Lighting design -- Heating and hot water design -- Motors and building transportation systems -- Electrical power systems and office equipment -- Checking the design -- Commissioning, handover and feedback -- Why buildings fail on energy --Managing the building -- Acquisition and refurbishment -- Maintenance and energy efficiency -- Energy audits and surveys -- Benchmarking, monitoring and targeting -- Energy benchmarks -- CIBSE policy statements -- Conversion factors and properties of fuels -- Consultants and model briefs
520 _aProvides guidance on energy efficiency in buildings, covering both the energy requirements committed by the design and the energy costs in use. Revised in the light of Part L of the Building Regulations and includes new sections, such as a checklist on why buildings fail on energy. References, bibliography and websites.
650 2 4 _aBUILDING REGULATIONS 2000 APPROVED DOCUMENT L1A (2006 EDITION)
650 2 4 _aBUILDING REGULATIONS 2000 APPROVED DOCUMENT L2A (2006 EDITION)
650 2 4 _aBUILDING REGULATIONS 2000 APPROVED DOCUMENT L1B (2006 EDITION)
650 2 4 _aBUILDING REGULATIONS 2000 APPROVED DOCUMENT L2B (2006 EDITION)
651 4 _aUnited Kingdom
_y
690 _aENVIRONMENTAL AND LAND CONSULTANCY-ENERGY-ENERGY USE-ENERGY EFFICIENCY
942 _n0
999 _c106013
_d106013